| 000 | 00635 a2200205 4500 | ||
|---|---|---|---|
| 999 |
_c4671 _d4671 |
||
| 010 | _aENG-86496 | ||
| 020 |
_a8176567523 _c540.00 |
||
| 035 | _aEN-70029 | ||
| 037 | _bDBAD / PUB | ||
| 082 | 1 | 4 | _a004 |
| 100 | 1 | _aSinha, Pradeep K | |
| 245 | 1 |
_aComputer fundamentals : _cby Pradeep K. Sinha [and] Priti Sinha _bconcepts, systems & applications / |
|
| 250 | _a4th ed. | ||
| 260 |
_aNew Delhi _bBPB Publications _c2007 |
||
| 270 |
_aB-14, Connaught Place _bNew Delhi _e110 001 |
||
| 300 |
_axxvii, 457p. _c28cm (pbk) _eCD-ROM |
||
| 500 | _aIncludes index | ||
| 700 | _aSinha, Priti | ||
| 942 |
_adpl _cEN _2ddc _h004 _mSIN |
||